| 000 | 00472nam a22001697a 4500 | ||
|---|---|---|---|
| 005 | 20251108165501.0 | ||
| 008 | 250721s1995 xx 000 0 ara d | ||
| 082 | 1 | 4 | _a210/باز |
| 100 | 1 | _aالباز، الشوادفي | |
| 245 | 1 | 0 | _aلماذا أسلم هؤلاء القساوسة / |
| 264 | 1 |
_aالرياض : _bمكتبة الكعبيان، _c1995. |
|
| 300 | _a2ج | ||
| 650 | 1 | 7 | _aالإسلام |
| 650 | 1 | 7 | _aالتوبة |
| 942 |
_2ddc _cBK |
||
| 999 |
_c29015 _d29015 |
||